000 01468nam1a22002891i 4500
001 rc\2238519
005 20260407124543.0
035 _a(NLR Aleph) 006710747
090 _a5340165
_c5340165
100 _a20110829f18261917|||y0rusy50 ca
101 0 _arus
102 _aRU
105 _ay c |||||
200 1 _aЭкономия черных металлов в машиностроении
_eАннот. указ. отеч. и иностр. лит. ...
210 _aМосква
_cЦНИИТЭИтяжмаш
215 _d21
225 1 _aБиблиографическая информация
_fЦентр. науч.-техн. библиотека тяжелого машиностроения, ЦНИИ информ. и техн.-экон. исслед. по тяжелому и трансп. машиностроению
606 _aЧерные металлы
_jУказатели литературы
_xЭкономия
_2psbo
606 _aМашиностроение
_jУказатели литературы
_xЭкономия металлов
_2psbo
712 0 2 _aЦентральная научно-техническая библиотека тяжелого машиностроения
_cМосква
_3RU\NLR\AUTH\889966587
_9429548
801 0 _aRU
_bNLR
_gpsbo
801 1 _aRU
_bELAR
_2rusmarc
899 _aRuMoRGB
_jB 79-27/1588
899 _aRuMoRGB
_jB 79-27/1590
899 _aRuMoRGB
_jB 79-27/1590
899 _aRuMoRGB
_jB 79-27/1588
942 _cBOOK